The Wizard of Oz A-Z - Statistics

General Stats
  • This quiz has been taken 264 times
  • The average score is 17 of 26
Answer Stats
Clue Answer % Correct
H There's no place like it. home
94%
T Dorothy's pet terrier Toto
94%
K First setting of the movie Kansas
91%
E The capital of Oz Emerald City
89%
G The good witch Glinda
89%
S The first character to join Dorothy's journey Scarecrow
89%
F Occupation of Dorothy's uncle farmer
88%
J Actress who plays Dorothy in the 1939 film Judy Garland
88%
Y Walkway that leads to the capital Yellow Brick Road
88%
O The first song Dorothy sings in the 1939 film Over the Rainbow
87%
M The small people who welcome Dorothy to Oz Munchkins
85%
C Pay no attention to that man behind the... curtain
84%
B Conveyance which brings the Wizard to and from Oz balloon
71%
W Revisionist musical that debuted in 2003 Wicked
71%
A Dorothy's aunt Aunt Em
69%
L He created the Oz books L. Frank Baum
66%
I Song the Scarecrow sings If I Only Had a Brain
61%
P Some say this band's album synchronizes with the film. Pink Floyd
55%
R 1985 sequel film by Disney Return to Oz
53%
X Number of original Oz books...in Roman numerals XIV
47%
N The Wizard of Oz (character) originally came from here Nebraska
45%
Z Bert Lahr plays the Cowardly Lion and this farmhand Zeke
41%
U Dorothy's uncle Uncle Henry
35%
Q The land of Oz is split into 4 of these quadrants
33%
V Director of the 1939 film Victor Fleming
24%
D Magical desert that completely surrounds Oz {Deadly} Desert
11%
No matching quizzes found
Score Distribution
Percent of People with Each Score
Percentile by Number Answered
Your Score History
You have not taken this quiz